Countries Affiliated with NATO - Statistics

General Stats
  • This quiz has been taken 83 times
    63 since last reset
  • The average score is 59 of 71
Answer Stats
Answer % Correct
Portugal
100%
Spain
100%
United Kingdom
100%
Albania
98%
Canada
98%
France
98%
Lithuania
98%
United States
98%
Latvia
95%
Luxembourg
95%
Poland
95%
Romania
95%
Croatia
93%
Czech Republic
93%
Estonia
93%
Finland
93%
Italy
93%
Japan
93%
Norway
93%
Slovakia
93%
Australia
91%
Belgium
91%
Bulgaria
91%
Denmark
91%
Germany
91%
Greece
91%
Hungary
91%
Iceland
91%
Montenegro
91%
Netherlands
91%
Slovenia
91%
Sweden
91%
Austria
88%
North Macedonia
88%
South Korea
88%
Turkey
88%
Ukraine
88%
Ukraine
88%
Brazil
86%
New Zealand
86%
Switzerland
86%
Azerbaijan
84%
Bosnia and Herzegovina
84%
Bosnia and Herzegovina
84%
Ireland
84%
Israel
84%
Serbia
84%
Argentina
81%
Egypt
81%
Georgia
77%
Georgia
77%
Colombia
74%
Malta
74%
Moldova
74%
Morocco
74%
Pakistan
74%
Taiwan
74%
Kuwait
72%
Philippines
70%
Qatar
70%
Armenia
67%
Thailand
67%
Kazakhstan
63%
Tunisia
63%
Uzbekistan
63%
Bahrain
60%
Kyrgyzstan
60%
Jordan
58%
Tajikistan
58%
Turkmenistan
53%
Kenya
44%
No matching quizzes found
Score Distribution
Percent of People with Each Score
Percentile by Number Answered
Your Score History
You have not taken this quiz since the last reset